Evénements du 1er novembre - Statistiques

Statistiques générales
  • Ce quiz a été pris 31 fois
  • Le résultat moyen est 10 sur 15
Statistiques - réponses
Hint Réponse % Correct
Début de l'entrée en vigueur du traité de Maastricht 1993
92%
Nicolas II devient tsar de Russie 1894
84%
Philippe II Auguste est sacré à Reims 1179
80%
Fondation de la Juventus de Turin 1897
76%
1ère du film Titanic de James Cameron 1997
76%
Ouverture du congrès de Vienne 1814
72%
Toussaint rouge en Algérie 1954
72%
Tremblement de terre à Lisbonne, entre 50000 et 100000 morts 1755
64%
Naissance de Louis II de France 846
64%
Jean-Claude Trichet devient président de la Banque Centrale Européenne 2003
60%
Indépendance d'Antigua-et-Barbuda 1981
56%
Le pape Sixte IV autorise la création de l'Inquisition en Espagne 1478
52%
1ères vacances de la Toussaint pour les écoliers français 1959
52%
Mort de Charles II d'Espagne 1700
44%
Election du pape Jules II 1503
40%
Aucun quiz correspondant
Distribution des résultats
% des personnes avec chaque résultat
Percentile par nombre de réponses
Votre historique - résultats
Vous n’avez pas pris ce quiz